000
00454nam a2200157Ia 4500
008
090124s9999 xx 000 0 und d
082
_b
114728
100
_a
कर्णिक मधु मंगेश
245
_a
केवडा
250
_a
0
600
_a
कर्णिक मधु मंगेश
630
_a
केवडा
700
_a
कर्णिक मधु मंगेश
730
_a
केवडा
942
_c
BOOK
999
_c
160819
_d
160819